Princípy v manažmente a v podnikaní
Kreatívna deštrukcia ako nevyhnutný proces vytvárania trvalého životaschopného trhového priestoru. Rozdiely medzi metódami a princípmi. Úpešní a neúspešní podnikatelia a podniky. Rovnováha dodržiavania vzťahov v spoločnosti, v životnom prostredí a v ekonomike.
Salvato in:
| Autore principale: | |
|---|---|
| Natura: | Capitolo di libro |
| Lingua: | slovacco |
| Soggetti: | |
| Tags: |
Nessun Tag, puoi essere il primo ad aggiungerne!!
|
MARC
| LEADER | 00000naa$a2200000$$$4500 | ||
|---|---|---|---|
| 001 | 0106445 | ||
| 005 | 20230912094205.8 | ||
| 041 | 0 | |a slo | |
| 044 | |a SK | ||
| 245 | 1 | 0 | |a Princípy v manažmente a v podnikaní |c Ján Košturiak |
| 520 | |a Kreatívna deštrukcia ako nevyhnutný proces vytvárania trvalého životaschopného trhového priestoru. Rozdiely medzi metódami a princípmi. Úpešní a neúspešní podnikatelia a podniky. Rovnováha dodržiavania vzťahov v spoločnosti, v životnom prostredí a v ekonomike. | ||
| 610 | 2 | 0 | |a manažment |
| 610 | 2 | 0 | |a podnik |
| 610 | 2 | 0 | |a podnikanie |
| 610 | 2 | 0 | |a vzťahy trhové |
| 610 | 2 | 0 | |a investície |
| 610 | 2 | 0 | |a spoločnosť |
| 610 | 2 | 0 | |a rovnováha |
| 100 | 1 | |a Košturiak, Ján | |